[Event "Eger"]
[Site "Eger"]
[Date "1994.??.??"]
[Round "10"]
[White "Varga, Peter"]
[Black "Kajnih, Danilo"]
[Result "1-0"]
[WhiteElo "2330"]
[BlackElo "2240"]
[PlyCount "79"]
[EventDate "1994.??.??"]
[Source "www.chesslib.no"]
[SourceDate "2004.05.04"]

1. d4 e6 2. c4 f5 3. g3 Nf6 4. Bg2 Be7 5. Nf3 O-O 6. O-O d5 7. Qc2 c6 8. Nbd2 Qe8 9. Ne5 Nbd7 10. Nd3 Qh5 11. Nf4 Qf7 12. cxd5 cxd5 13. Nf3 Ne4 14. Nd3 Bd6 15. Nfe5 Bxe5 16. dxe5 Qe7 17. b4 Nb6 18. f3 Ng5 19. Be3 Re8 20. Nb2 Nf7 21. Qc3 Bd7 22. Bc5 Qg5 23. a4 Rac8 24. Qd4 Na8 25. Bxa7 Rc2 26. f4 Qd8 27. Rfc1 Qc7 28. Qd1 Rc8 29. Rxc2 Qxc2 30. Bd4 Qxd1+ 31. Rxd1 Rc2 32. e3 Nb6 33. b5 Nc4 34. Nxc4 Rxc4 35. Ra1 g5 36. Bf1 Rb4 37. Kf2 gxf4 38. gxf4 Nh6 39. h3 Be8 40. Ke1 1-0

[Event "LTU Ch"]
[Site "Vilnius LTU"]
[Date "1995.??.??"]
[Round "4"]
[White "Dambrauskas, Virginijus"]
[Black "Kryzius, Kestutis"]
[Result "1/2-1/2"]
[WhiteElo "2340"]
[BlackElo "2225"]
[PlyCount "41"]
[EventDate "1995.??.??"]
[Source "www.chesslib.no"]
[SourceDate "2004.05.04"]

1. Nf3 e6 2. c4 f5 3. g3 Nf6 4. Bg2 Be7 5. O-O O-O 6. d4 d5 7. Bg5 c6 8. Qc2 b6 9. Ne5 Bb7 10. cxd5 cxd5 11. Rc1 Bd6 12. Nd2 Qe8 13. Bxf6 gxf6 14. Nd3 Nc6 15. e3 Qf7 16. Qa4 Ne7 17. Qd7 Nc8 18. Qxf7+ Kxf7 19. Rc2 Ne7 20. Nf4 Ba6 21. Rac1 1/2-1/2

[Event "Oberliga Hessen"]
[Site "Hessen"]
[Date "1991.??.??"]
[Round "?"]
[White "Schoebel, Wolfgang"]
[Black "Lutz, Klaus Juergen"]
[Result "1/2-1/2"]
[WhiteElo "2275"]
[BlackElo "2285"]
[PlyCount "56"]
[EventDate "1991.10.??"]
[Source "www.chesslib.no"]
[SourceDate "2004.05.04"]

1. d4 f5 2. g3 Nf6 3. Bg2 e6 4. Nf3 Be7 5. O-O O-O 6. c4 d5 7. Nbd2 c6 8. Qc2 Ne4 9. Ne5 Nd7 10. Nd3 Bf6 11. Nf3 Qe8 12. Rb1 b6 13. cxd5 cxd5 14. Qc6 Ba6 15. Nf4 Rc8 16. Qxe6+ Qxe6 17. Nxe6 Rfe8 18. Nf4 Rc2 19. Re1 Bc4 20. Bf1 g5 21. Ng2 g4 22. Ne5 Bxe5 23. dxe5 d4 24. Nh4 Rxe5 25. Bf4 Rc5 26. Rbc1 Be6 27. b4 R5c3 28. Red1 Rxa2 1/2-1/2

[Event "Pyramiden Franken Cup"]
[Site "Fuerth"]
[Date "1998.??.??"]
[Round "4"]
[White "Gustafsson, Jan"]
[Black "Stolte, Alexander"]
[Result "1-0"]
[WhiteElo "2410"]
[BlackElo "2145"]
[PlyCount "80"]
[EventDate "1998.08.??"]
[Source "www.chesslib.no"]
[SourceDate "2004.05.04"]

1. d4 e6 2. c4 f5 3. Nf3 Nf6 4. g3 Be7 5. Bg2 O-O 6. O-O d5 7. Qc2 c6 8. Nbd2 Ne4 9. b3 Bd7 10. Ne5 Be8 11. Nd3 Nd7 12. f3 Bf6 13. Bb2 Nxd2 14. Qxd2 dxc4 15. bxc4 e5 16. Rad1 exd4 17. Nf4 Bf7 18. Bxd4 Bxd4+ 19. Qxd4 Qb6 20. Qxb6 Nxb6 21. c5 Na4 22. Rc1 Rad8 23. Rc2 Rfe8 24. Rb1 b6 25. cxb6 axb6 26. Nd3 Rxe2 27. Rxe2 Nc3 28. Rxb6 Nxe2+ 29. Kf2 Nd4 30. a4 Bd5 31. a5 Re8 32. Nf4 Ra8 33. Nxd5 cxd5 34. a6 f4 35. Bf1 Kf7 36. Rd6 fxg3+ 37. hxg3 Ra7 38. Rxd5 Nc6 39. Rd6 Ne7 40. Bb5 Nc8 1-0

[Event "Mind Sports Games - Blitz Pair"]
[Site "Pechino CINA"]
[Date "2008.10.08"]
[Round "1"]
[White "Li Ruofan"]
[Black "Hoang Thi Nhu Y"]
[Result "1-0"]
[WhiteElo "2426"]
[BlackElo "2127"]
[PlyCount "77"]
[EventDate "2008.10.08"]
[Source "www.chesslib.no"]
[SourceDate "2004.05.04"]

1. d4 f5 2. g3 Nf6 3. Bg2 e6 4. c4 Be7 5. Nf3 O-O 6. O-O d5 7. Qc2 Nbd7 8. cxd5 Nxd5 9. Nc3 N7f6 10. Nxd5 exd5 11. Bf4 c6 12. Rab1 Qa5 13. a3 a6 14. Ne5 Be6 15. Nd3 Ne4 16. f3 Nf6 17. Bd2 Qb6 18. e3 Nd7 19. b4 Rae8 20. Nc5 Bxc5 21. bxc5 Qc7 22. Rb3 b5 23. cxb6 Nxb6 24. Ba5 Rb8 25. Rfb1 f4 26. Rxb6 Rxb6 27. Bxb6 Qd6 28. Bc5 Qd7 29. Bxf8 Bf5 30. e4 dxe4 31. fxe4 Qxd4+ 32. Kh1 Be6 33. Bc5 Qd8 34. gxf4 h6 35. Rd1 Qh4 36. Qf2 Qg4 37. Qf3 Qh4 38. f5 Bxf5 39. exf5 1-0

[Event "Oberliga Nord O9192"]
[Site "Germany"]
[Date "1992.??.??"]
[Round "?"]
[White "Krueger, Rainer"]
[Black "Gallus, Gerald"]
[Result "1-0"]
[WhiteElo "2255"]
[BlackElo "2285"]
[PlyCount "107"]
[EventDate "1991.??.??"]
[Source "www.chesslib.no"]
[SourceDate "2004.05.04"]

1. d4 e6 2. Nf3 f5 3. g3 Nf6 4. Bg2 Be7 5. O-O O-O 6. c4 d5 7. Ne5 Nbd7 8. Nc3 c6 9. cxd5 exd5 10. Bf4 Nxe5 11. Bxe5 Ne4 12. Nxe4 fxe4 13. f3 exf3 14. exf3 Bf6 15. Re1 Bf5 16. Qb3 Qb6 17. Qxb6 axb6 18. a3 Kf7 19. Kf2 Ra4 20. Rad1 Rc4 21. Rd2 b5 22. f4 Ra8 23. Bf3 b4 24. Bxf6 Kxf6 25. g4 Rc2 26. Rxc2 Bxc2 27. axb4 Ra4 28. Rc1 Bd3 29. Ke3 Bb5 30. Rc2 Rxb4 31. Rd2 Rb3+ 32. Kf2 Bc4 33. h4 g6 34. Bd1 Rb4 35. Ke3 Bb3 36. Be2 Ke6 37. Bd3 Bc4 38. f5+ Kf7 39. Bc2 gxf5 40. Bxf5 h6 41. Kf4 b6 42. Ke5 c5 43. g5 hxg5 44. hxg5 Rb3 45. dxc5 bxc5 46. Be6+ Kg6 47. Bxd5 Bxd5 48. Kxd5 Kxg5 49. Kxc5 Kf6 50. Kc4 Rb8 51. b4 Rc8+ 52. Kb3 Ke6 53. b5 Rc1 54. Kb4 1-0

[Event "BL9293 (Women)"]
[Site "Germany"]
[Date "1993.??.??"]
[Round "?"]
[White "Baginskaite, Camilla"]
[Black "Beltz, Martina"]
[Result "1-0"]
[WhiteElo "2330"]
[BlackElo "2205"]
[PlyCount "73"]
[EventDate "1992.10.??"]
[Source "www.chesslib.no"]
[SourceDate "2004.05.04"]

1. d4 f5 2. g3 Nf6 3. Bg2 e6 4. c4 d5 5. Nf3 c6 6. O-O Be7 7. Nbd2 O-O 8. Qc2 Qe8 9. Ne5 Nbd7 10. Nd3 Ne4 11. Nf3 g5 12. Rb1 Qh5 13. b4 Rf6 14. b5 f4 15. c5 Rh6 16. Rb3 e5 17. bxc6 bxc6 18. g4 Qxg4 19. Ndxe5 Qh5 20. h3 Ndxc5 21. Ng4 Nxb3 22. Nxh6+ Qxh6 23. Qxb3 Qd6 24. Ne5 Rb8 25. Qa4 Rb6 26. Bxe4 dxe4 27. Nc4 Qh6 28. Nxb6 axb6 29. Qc4+ Kf8 30. d5 Bxh3 31. Rd1 cxd5 32. Qxd5 Qg6 33. Bb2 Be6 34. Qe5 Kf7 35. Rc1 Bf5 36. Rc7 Be6 37. Ba3 1-0

[Event "GEO-ch U20 Girls"]
[Site "?"]
[Date "2002.03.20"]
[Round "2"]
[White "Matnadze Ana"]
[Black "Vakhania Alexandra"]
[Result "1/2-1/2"]
[WhiteElo "2324"]
[BlackElo "2206"]
[PlyCount "68"]
[EventDate "2002.??.??"]
[Source "www.chesslib.no"]
[SourceDate "2004.05.04"]

1. d4 d5 2. Nf3 e6 3. g3 f5 4. Bg2 Nf6 5. O-O Be7 6. c4 O-O 7. Nbd2 c6 8. Ne5 Nbd7 9. Nd3 Ne4 10. Qc2 Nb6 11. c5 Nxd2 12. Bxd2 Nd7 13. b4 Bf6 14. Bc3 Qc7 15. f4 b6 16. Qd2 a5 17. a3 axb4 18. axb4 Ba6 19. Nf2 Bb5 20. Qe3 Kf7 21. g4 g6 22. Nh3 Rxa1 23. Rxa1 Qb7 24. Ng5+ Bxg5 25. fxg5 Ra8 26. Rxa8 Qxa8 27. Be1 bxc5 28. bxc5 Qa1 29. Kf2 Qa4 30. gxf5 exf5 31. Bf3 Qa7 32. Kg2 Nf8 33. Bg3 Qe7 34. Be5 Nd7 1/2-1/2

[Event "AUT Ch"]
[Site "Austria"]
[Date "1994.??.??"]
[Round "6"]
[White "Hoelzl, Franz"]
[Black "Hiermann, Dietmar"]
[Result "1-0"]
[WhiteElo "2390"]
[BlackElo "2135"]
[PlyCount "49"]
[EventDate "1994.??.??"]
[Source "www.chesslib.no"]
[SourceDate "2004.05.04"]

1. d4 e6 2. Nf3 f5 3. g3 Nf6 4. Bg2 Be7 5. c4 O-O 6. d5 Bb4+ 7. Bd2 Qe7 8. O-O Bxd2 9. Qxd2 e5 10. d6 cxd6 11. Nc3 Na6 12. Rad1 Nc5 13. Nh4 Ne8 14. b4 Ne6 15. e4 fxe4 16. Bxe4 Ng5 17. Bg2 a6 18. f4 Ne6 19. Nd5 Qd8 20. fxe5 Rxf1+ 21. Rxf1 dxe5 22. Nf5 Rb8 23. Qf2 Nf6 24. Nfe7+ Kh8 25. Qa7 1-0

[Event "FRA, Team Ch N1 2004/05 rounds 8-10"]
[Site "?"]
[Date "2005.05.05"]
[Round "8.5"]
[White "Borne Niels"]
[Black "Gitzinger Gregory"]
[Result "1-0"]
[WhiteElo "2319"]
[BlackElo "2191"]
[PlyCount "81"]
[EventDate "2005.??.??"]
[Source "www.chesslib.no"]
[SourceDate "2004.05.04"]

1. d4 e6 2. Nf3 f5 3. c4 Nf6 4. g3 Be7 5. Bg2 d5 6. O-O O-O 7. Nbd2 c6 8. Ne5 Nbd7 9. Nd3 Bd6 10. Qb3 Kh8 11. Nf3 Qe7 12. c5 Bc7 13. Bf4 Bxf4 14. gxf4 Ne4 15. Qc2 g5 16. fxg5 Nxg5 17. Nxg5 Qxg5 18. f4 Qg7 19. e3 Nf6 20. Kh1 Bd7 21. Bf3 Be8 22. Rg1 Qe7 23. Rg5 h6 24. Rg3 Bf7 25. Ne5 Rg8 26. Rag1 Rxg3 27. Rxg3 Nd7 28. Nd3 Rg8 29. Qg2 Rxg3 30. hxg3 Kh7 31. b4 Nf6 32. Qh3 Qe8 33. Ne5 Bh5 34. Kg2 Bxf3+ 35. Kxf3 Qh5+ 36. Qxh5 Nxh5 37. Nf7 Nf6 38. Nd8 Ne4 39. Nxb7 Nd2+ 40. Ke2 Ne4 41. Nd8 1-0

[Event "Buenos Aires GyE 3rd"]
[Site "?"]
[Date "1991.??.??"]
[Round "9"]
[White "Galindo Ricardo"]
[Black "Langier Daniel"]
[Result "1/2-1/2"]
[WhiteElo "2270"]
[BlackElo "2240"]
[PlyCount "101"]
[EventDate "1991.??.??"]
[Source "www.chesslib.no"]
[SourceDate "2004.05.04"]

1. Nf3 f5 2. g3 Nf6 3. Bg2 e6 4. d4 Be7 5. c4 O-O 6. d5 Bb4+ 7. Bd2 Qe7 8. O-O Bxd2 9. Qxd2 e5 10. d6 cxd6 11. Nc3 Nc6 12. Rfd1 e4 13. Nd4 Ne8 14. Nd5 Qe5 15. Nb5 b6 16. f4 exf3 17. exf3 g6 18. f4 Qg7 19. Ndc7 Nxc7 20. Nxc7 Rb8 21. Nb5 Ba6 22. Nxd6 Ne7 23. a4 Nc8 24. b3 Nxd6 25. Qxd6 Rfd8 26. Rd4 Qf8 27. Rad1 Qxd6 28. Rxd6 Bc8 29. Bd5+ Kg7 30. Re1 Rf8 31. Re7+ Kh6 32. b4 Rh8 33. b5 a6 34. Kf2 axb5 35. axb5 Bb7 36. Bxb7 Rxb7 37. Rdxd7 Rxd7 38. Rxd7 Rc8 39. Rd4 Kg7 40. Ke3 Kf8 41. Kd3 Ke7 42. Kc3 Ra8 43. Rd2 Ra1 44. Kb3 Rh1 45. Kb2 Re1 46. Kc3 Ra1 47. Kd4 Ke6 48. Rd3 Ra2 49. h3 Ra1 50. g4 Rf1 51. gxf5+ 1/2-1/2

[Event "LTU Ch  Vilnius"]
[Site "Vilnius LTU"]
[Date "1994.??.??"]
[Round "8"]
[White "Butnorius, Algimantas"]
[Black "Kryzius, Kestutis"]
[Result "1-0"]
[WhiteElo "2450"]
[BlackElo "2055"]
[PlyCount "119"]
[EventDate "1994.??.??"]
[Source "www.chesslib.no"]
[SourceDate "2004.05.04"]

1. d4 f5 2. g3 Nf6 3. Bg2 e6 4. c4 Be7 5. Nf3 O-O 6. O-O d5 7. Nbd2 c6 8. b3 Ne4 9. Bb2 Nd7 10. Ne1 Nxd2 11. Qxd2 Nf6 12. Nd3 b6 13. Rac1 Ne4 14. Qc2 Bb7 15. Rfd1 Rc8 16. f3 Nf6 17. c5 b5 18. Re1 Re8 19. Rcd1 Bf8 20. Bc1 Nd7 21. Bf4 Qf6 22. Ne5 Nxc5 23. Qc1 Na6 24. Bg5 Ba3 25. Qxa3 Qxg5 26. b4 Qe7 27. Rb1 Qc7 28. e3 Ra8 29. Qc3 Nb8 30. Bf1 Qd6 31. a4 a6 32. Rec1 Nd7 33. a5 Rac8 34. Qb2 Qe7 35. f4 Nxe5 36. fxe5 g6 37. Be2 Kg7 38. Rf1 Rf8 39. Rf2 Rf7 40. Rbf1 Rcf8 41. Qd2 Kg8 42. Kh1 Bc8 43. Rf4 Bd7 44. Bd1 Be8 45. g4 g5 46. R4f2 fxg4 47. Rxf7 Rxf7 48. Rxf7 Qxf7 49. Kg1 h5 50. Bc2 Qf3 51. Bd1 Qf8 52. Bc2 Kg7 53. Qd3 Qf7 54. Qh7+ Kf8 55. Qh6+ Ke7 56. Qxg5+ Kd7 57. Qf6 Qe7 58. Qxe7+ Kxe7 59. Kg2 Kf8 60. h3 1-0

[Event "Corte Ingles op"]
[Site "?"]
[Date "1998.??.??"]
[Round "?"]
[White "Villavicencio, A."]
[Black "Guadalupe, A."]
[Result "1-0"]
[WhiteElo "2320"]
[BlackElo "2180"]
[PlyCount "62"]
[EventDate "1998.??.??"]
[Source "www.chesslib.no"]
[SourceDate "2004.05.04"]

1. d4 e6 2. c4 f5 3. g3 Nf6 4. Bg2 Be7 5. Nf3 O-O 6. O-O d5 7. Qc2 Nc6 8. a3 a5 9. b3 Bd7 10. Nc3 Be8 11. e3 Bh5 12. Ng5 Bf7 13. cxd5 Nxd5 14. Nxf7 Rxf7 15. Bb2 Bg5 16. Rfe1 Qd7 17. Na4 Raf8 18. Nc5 Qc8 19. Rac1 Nce7 20. f4 Bh6 21. e4 fxe4 22. Qxe4 Bxf4 23. gxf4 Nxf4 24. Nxe6 Nxg2 25. Qxg2 Ng6 26. Nxf8 Nh4 27. Qe4 Nf3+ 28. Kh1 Qh3 29. Qxh7+ Qxh7 30. Nxh7 Nxe1 31. Rxe1 Kxh7 1-0